| 000 | 00840nam a22001817a 4500 | ||
|---|---|---|---|
| 005 | 2011121509069.0 | ||
| 008 | 111215s1983 ua||||||r||| 000 0ara d | ||
| 082 |
_222 _a091.1 _bد ي ا |
||
| 100 |
_928147 _aدياب، عبد المجيد |
||
| 245 |
_aتحقيق التراث العربي : _bمنهجه وتطوره / _cعبد المجيد دياب. |
||
| 260 |
_aالقاهرة : _bالمركز العربي للصحافة والنشر والإعلام، _c1983. |
||
| 300 |
_a381 ص. ؛ _c24 سم. |
||
| 504 | _aيشتمل على ارجاعات ببليوجرافية: ص 356-376. | ||
| 650 |
_928148 _aالمخطوطات العربية _bتحقيق |
||
| 653 |
_bAra _cDecember2011 |
||
| 942 |
_2ddc _cBB |
||
| 999 |
_c16331 _d16331 |
||